Planning for America's children. (Record no. 22099)

MARC details
000 -LEADER
fixed length control field 01244cam a22002531 4500
001 - CONTROL NUMBER
control field e 49000023
003 - CONTROL NUMBER IDENTIFIER
control field DLC
005 - DATE AND TIME OF LATEST TRANSACTION
control field 20260227111233.0
008 - FIXED-LENGTH DATA ELEMENTS--GENERAL INFORMATION
fixed length control field 820108m19481952dcua f000 0 eng c
010 ## - LIBRARY OF CONGRESS CONTROL NUMBER
LC control number e 49000023
035 ## - SYSTEM CONTROL NUMBER
System control number (OCoLC)8049356
040 ## - CATALOGING SOURCE
Original cataloging agency U.S. Office of Education. Library
Transcribing agency GAuA
Modifying agency DLC
042 ## - AUTHENTICATION CODE
Authentication code premarc
043 ## - GEOGRAPHIC AREA CODE
Geographic area code n-us---
050 00 - LIBRARY OF CONGRESS CALL NUMBER
Classification number LB1555
Item number .N24
082 ## - DEWEY DECIMAL CLASSIFICATION NUMBER
Classification number 372.2
110 2# - MAIN ENTRY--CORPORATE NAME
Corporate name or jurisdiction name as entry element National Council of State Consultants in Elementary Education.
245 10 - TITLE STATEMENT
Title Planning for America's children.
Statement of responsibility, etc. [Prepared in cooperation with elementary staff members, Office of Education, Federal Security Agency.
260 ## - PUBLICATION, DISTRIBUTION, ETC.
Place of publication, distribution, etc. Washington,
Date of publication, distribution, etc. 1948-52; pt. 6, 1948]
300 ## - PHYSICAL DESCRIPTION
Extent 6 pts.
Other physical details illus.
Dimensions 27 cm.
505 0# - FORMATTED CONTENTS NOTE
Formatted contents note [pt. 1] Committee 1. The characteristics of a good elementary school.-- [pt. 2] Committee 2. Year-round programs for children.-- [pt. 3] Committee 3. Programs for children below six.-- [pt. 4] Committee 4. Modern trends in state-wide curriculum programs.-- [pt. 5] Committee 5. Programs for the continuous professional education of teachers.-- [pt. 6] Committee 6. Desirable schoolhousing, equipment and instructional supplies.
650 #0 - SUBJECT ADDED ENTRY--TOPICAL TERM
Topical term or geographic name entry element Education, Elementary.
650 #0 - SUBJECT ADDED ENTRY--TOPICAL TERM
Topical term or geographic name entry element Education
Geographic subdivision United States.

No items available.

Powered by Koha